Statistiques concernant Reliez les Ministres de la Justice à leur Président (Ve République)

Cliquez ici pour prendre le quiz!

Statistiques générales

  • Ce quiz a été pris 70 fois
  • Le résultat moyen est 9 sur 22

Statistiques - réponses

HintRéponse% Correct
Éric Dupond-MorettiEmmanuel Macron
98%
Christiane TaubiraFrançois Hollande
95%
Robert BadinterFrançois Mitterrand
76%
Rachida DatiNicolas Sarkozy
73%
Jean FoyerCharles de Gaulle
51%
Jacques ToubonJacques Chirac
51%
Nicole BelloubetEmmanuel Macron
49%
Michèle Alliot-MarieNicolas Sarkozy
44%
Edmond MicheletCharles de Gaulle
42%
Dominique PerbenJacques Chirac
38%
Jean-Jacques UrvoasFrançois Hollande
29%
René PlevenGeorges Pompidou
27%
Marylise LebranchuJacques Chirac
25%
Michel VauzelleFrançois Mitterrand
22%
Jean LecanuetValéry Giscard d'Estaing
22%
Henri NalletFrançois Mitterrand
20%
Élisabeth GuigouJacques Chirac
20%
Alain PeyrefitteValéry Giscard d'Estaing
18%
Pascal ClémentJacques Chirac
16%
Michel MercierNicolas Sarkozy
16%
Albin ChalandonFrançois Mitterrand
15%
Pierre MéhaignerieFrançois Mitterrand
15%

Distribution des résultats

Percentile par nombre de réponses

% des personnes avec chaque résultat

Votre développement - résultats

Vous n’avez pas pris ce quiz